000 00778nab a2200253 4500
003 BR-BrBNA
005 20250709172716.0
008 250709b bl.||||| |||| 00| 0 por d
040 _aBR-BrBNA
_bpor
072 _aJ10 ; F01; E13 ; E70
100 _aSavanachi, Eduardo
245 _aVale nos trilhos
_bAgronegócios
500 _a2 illus.
650 _aTRANSPORTE FERROVIÁRIO
650 _aTERMINAL
650 _aINVESTIMENTO
650 _aPIRAPORA
650 _aGRÃO
650 _aSILO
650 _aRENTABILIDADE
773 0 _01706
_9347917
_dSão Paulo-SP Editora Três Ltda - E-mail: luizfsa@revistadinheiro.com.br 2004
_o2025-0416
_tDinheiro Rural (Brazil)
_x1807-3700
_gv. 6(69) p. 56; (Jul 2010)
_wBR2025003755
942 _cANA
999 _c332755
_d332755